MARC

LEADER 00000nam0a2200000 4500
001 358406
005 20231102011106.0
035 |a (RuTPU)RU\TPU\retro\15674 
090 |a 358406 
100 |a 20200817d1979 km y0rusy50 ca 
101 0 |a rus 
102 |a RU 
105 |a y z 101zy 
200 1 |a Проблемы деятельности ученого и научных коллективов  |e материалы III Всесоюзной конференции  |h Вып. 7  |f Академия наук СССР, Институт истории естествознания и техники, Ленинградское отделение ; под ред. С. Р. Микулинского 
210 |a Москва  |a Ленинград  |c Изд-во Ин-та истории естествознания и техники  |d 1979 
215 |a 323 с.  |c ил. 
320 |a Библиогр. в конце ст. 
606 1 |a Научные исследования  |2 stltpush  |3 (RuTPU)RU\TPU\subj\76141  |9 87512 
610 1 |a научные организации 
610 1 |a научные коллективы 
610 1 |a научная деятельность 
610 1 |a конференции 
610 1 |a наука 
610 1 |a социологические исследования 
610 1 |a организация 
610 1 |a планирование 
610 1 |a научные кадры 
610 1 |a экономическая эффективность 
686 |a Ч215л0  |v LBC/SL-A  |2 rubbk 
702 1 |a Микулинский  |b С. Р.  |4 340 
712 0 2 |a Академия наук СССР  |b Институт истории естествознания и техники  |b Ленинградское отделение  |c (1953-1991)  |2 stltpush  |3 (RuTPU)RU\TPU\col\25497  |9 28513 
712 1 2 |a Проблемы деятельности ученого и научных коллективов  |c конференция  |d 3  |e Москва  |f 1979  |4 570 
801 1 |a RU  |b 63413507  |c 20200817 
801 2 |a RU  |b 63413507  |c 20220404  |g RCR 
942 |c BK